书目信息 |
| 题名: |
恽代英日记
|
|
| 作者: | 恽代英 著 ;中央档案馆AZhongyang Danganguan 编 | |
| 分册: | ||
| 出版信息: | 北京 中共中央党校出版社 1981 |
|
| 页数: | 721页 | |
| 开本: | 21cm | |
| 丛书名: | ||
| 单 册: | ||
| 中图分类: | K824.1 | |
| 科图分类: | ||
| 主题词: | 人物--传记--中国 | |
| 电子资源: | ||
| ISBN: | ||
| 000 | 00722nam0 2200241 45 | |
| 001 | 0181010013 | |
| 005 | 20060720093730.34 | |
| 010 | @dCNY2.15 | |
| 091 | @a3230.11 | |
| 100 | @a19950706d1981 em y0chiy0121 ea | |
| 101 | 0 | @achi |
| 102 | @aCN@b110000 | |
| 105 | @ay z 000yd | |
| 200 | 10 | @a恽代英日记@Ayun dai ying shu ji@f恽代英著@g中央档案馆等编 |
| 210 | @a北京@c中共中央党校出版社@d1981 | |
| 215 | @a721页@c照片@d21cm | |
| 606 | 0 | @a人物@x传记@x中国 |
| 690 | @aK824.1@v3 | |
| 701 | 0 | @a恽代英@Ayun dai ying@4著 |
| 712 | 02 | @a中央档案馆AZhongyang Danganguan@Azhong yang dang an guanAZhongyang Danganguan@4编 |
| 801 | 2 | @aCN@bNLC@c20060720 |
| 801 | 0 | @aCN@b上海图书馆@c20040315 |
| 905 | @dK824.1@e86@f1@b56965 | |
| 恽代英日记/恽代英著/中央档案馆等编.-北京:中共中央党校出版社,1981 |
| 721页:照片;21cm |
| ISBN :CNY2.15 |
| ● |
| 相关链接 |
|
|
|
|
正题名:恽代英日记
索取号:K824.1/86
 
预约/预借
| 序号 | 登录号 | 条形码 | 馆藏地/架位号 | 状态 | 备注 |
| 1 | 0055964 | 001897424 | 密集书库/ [索取号:K824.1/86] | 在馆 | |
| 2 | 0056965 | 001392610 | 密集书库/ [索取号:K824.1/86] | 在馆 | |
| 3 | 0056966 | 001392656 | 密集书库/ [索取号:K824.1/86] | 在馆 | |
| 4 | 0435344 | 204353449 | 密集书库/ [索取号:K824.1/86] | 在馆 | |
| 5 | 0435345 | 204353458 | 密集书库/ [索取号:K824.1/86] | 在馆 |